02926cam a22003738i 450000100090000000300040000900500170001300800410003001000170007102000180008802000310010602000310013702000430016802000270021104000280023804100130026604200080027905000300028708200210031710000430033824000290038124500940041026400380050430000230054233600260056533700280059133800270061950000970064650400410074352015870078465500190237170000330239077601290242322122650OSt20231006111154.0210709s2021 nyu b 000 1 eng  a 2021033640 a9781784703301 a9780399563423q(hardcover) a9780399563447q(paperback) a9780593300602q(international edition) z9780399563430q(ebook) aDLCbengerdacDLCdDLC1 aenghnor apcc00aPT8951.21.N38bM6713 202100a839.82374bKNA/M1 aKnausgård, Karl Ove,d1968-eauthor.10aMorgenstjernen.lEnglish14aThe morning star /cKarl Ove Knausgaard ; translated from the Norwegian by Martin Aitken. 1aNew York :bPenguin Press,c2021. a666 pages ;c25 cm atextbtxt2rdacontent aunmediatedbn2rdamedia avolumebnc2rdacarrier a"Originally published in Norwegian under the title Morgenstjernen by Forlaget Oktober, Oslo" aIncludes bibliographical references. a"A major new work from the author of the renowned My Struggle series, MORNING STAR is an astonishing, ambitious, and rich novel about what we don't understand, and our attempts to make sense of our world nonetheless Last night a new star appeared in the sky. The Morning Star. I know what it means. It means that it has begun. One long night in August, Arne and Tove are staying with their children in their summer house in southern Norway. Their friend Egil has his own place nearby. Kathrine, a priest, is flying home from a Bible seminar, questioning her marriage. Journalist Jostein is out drinking for the night, while his wife, Turid, a nurse at a psychiatric care unit, is on a nightshift when one of her patients escapes. Above them all, a huge star suddenly appears blazing in the sky. It brings with it a mysterious sense of foreboding. Strange things start to happen as nine lives come together under the star. Hundreds of crabs amass on the road as Arne drives at night; Jostein receives a call about a death metal band found brutally murdered in a Satanic ritual; Kathrine conducts a funeral service for a man she met at the airport - but is he actually dead? The Morning Star is about life in all its mundanity and drama, the strangeness that permeates our world, and the darkness in us all. Karl Ove Knausgaard's astonishing new novel, his first after the My Struggle cycle, goes to the utmost limits of freedom and chaos, to what happens when forces beyond our comprehension are unleashed, and the realms of the living and the dead collide"--cProvided by publisher. 7aNovels.2lcgft1 aAitken, Martin,etranslator.08iOnline version:aKnausgård, Karl Ove, 1968-tMorning stardNew York : Penguin Press, 2021z9780399563430w(DLC) 2021033641